| 000 | 00508nam a22001817a 4500 | ||
|---|---|---|---|
| 999 |
_c16147 _d16147 |
||
| 003 | AR-CdUCM | ||
| 008 | 190403b ||||| |||| 00| 0 spa d | ||
| 040 |
_aMUNICIPALIDAD PROVINCIAL DEL CUSCO _cBIBLIOTECA MUNICIPAL DEL CUSCO |
||
| 082 |
_aEP / 803 / _bB24 |
||
| 100 |
_aBarba Vargas, Rosa. _935436 |
||
| 245 | _aAtuqmanta / | ||
| 260 |
_aLima : _bUnicef, _c2010. |
||
| 300 | _c27 cm | ||
| 650 |
_aIdioma quechua. _927790 |
||
| 650 |
_aCastellano _97963 |
||
| 942 |
_2ddc _cLIBROS |
||
| 945 |
_arum _d2019-05-02 |
||